000 01031 a2200205 4500
001 46342
005 20260407155735.0
008 260407a1970 arg spa d
003 AR-UNSa-BCEJYS
040 _aAR-UNSa-BCEJYS
_bspa
_cAR-UNSa-BCEJYS
080 _a338.2
_xPolítica económica. Control de la economía. Gestión de la economía. Planificación económica
245 1 0 _aTeoría de la planificación económica
264 1 _aBarcelona :
_bOikos-tau
_c1970
300 _a321 p.
_c21 cm.
505 _aLibro Primero. Categorías económicas : 1. La teoría de los precios – 2. La determinación del precio de los factores de producción – 3. La determinación del precio de los factores de producción - - Libro Segundo. El funcionamiento del sistema económico : 4. La teoría de los costes del capital fijo – 5. La tasa de inversión optima – 6. Planificación : objetivos y medios.
942 _cBK
590 _aniveau_biblio:m niveau_hierar:0
100 1 _aMinguella Rubió, F.
700 1 _aHorvat, Branko
999 _c4188
_d4188